[Event "UK-ch blitz (Women) op"]
[Site "Solihull"]
[Date "2018.12.01"]
[Round "7"]
[White "Milliet, Sophie"]
[Black "Needham, Sabrina"]
[Result "1-0"]
[WhiteElo "2288"]
[BlackElo "1858"]
[PlyCount "71"]
[EventDate "2018.12.01"]
[EventType "tourn (blitz)"]
[EventRounds "15"]
[EventCountry "ENG"]
[SourceTitle "EXT 2020"]
[Source "ChessBase"]
[SourceDate "2019.10.17"]
[SourceVersion "1"]
[SourceVersionDate "2019.10.17"]
[SourceQuality "1"]

1. e4 e6 2. d4 a6 3. Bd3 b5 4. Nf3 Bb7 5. 0-0 c5 6. c3 Be7 7. Nbd2 c4 8. Bc2 Nc6 9. Re1 Nf6 10. e5 Nd5 11. Ne4 h6 12. b3 cxb3 13. axb3 Rc8 14. c4 bxc4 15. bxc4 Ndb4 16. Ba4 0-0 17. d5 Na5 18. d6 Bh4 19. g3 Rxc4 20. Nfd2 Rxc1 21. Rxc1 Bxg3 22. hxg3 Nd3 23. Rc7 Nxe1 24. Qxe1 f5 25. Nc5 Bc6 26. Qd1 f4 27. Bxc6 fxg3 28. fxg3 Qg5 29. Nf1 Nxc6 30. Nxd7 Rf7 31. Nc5 Nd8 32. Rc8 h5 33. Nxe6 Qf5 34. Rxd8+ Kh7 35. Nf4 h4 36. Qh5+ 1-0

[Event "BCF-chT3Sb 1617 (4NCL)"]
[Site "England"]
[Date "2016.11.26"]
[Round "1.65"]
[White "Gostelow, David W"]
[Black "Needham, Sabrina"]
[Result "1-0"]
[WhiteElo "1990"]
[BlackElo "1930"]
[PlyCount "45"]
[EventDate "2016.11.26"]
[EventType "team-tourn"]
[EventRounds "11"]
[EventCountry "ENG"]
[SourceTitle "EXT 2019"]
[Source "ChessBase"]
[SourceDate "2018.10.10"]
[SourceVersion "1"]
[SourceVersionDate "2018.10.10"]
[SourceQuality "1"]
[WhiteTeam "Shropshire"]
[BlackTeam "Cambridge University II"]
[WhiteTeamCountry "ENG"]
[BlackTeamCountry "ENG"]

1. d4 Nf6 2. Nf3 d5 3. Bf4 e6 4. e3 Bd6 5. Bg3 c5 6. Nbd2 Bxg3 7. hxg3 cxd4 8. exd4 Nc6 9. c3 Qd6 10. Bd3 h6 11. Qe2 Bd7 12. Ne5 Qc7 13. Ndf3 Nxe5 14. Nxe5 Bc6 15. g4 Nd7 16. Nf3 Qf4 17. g3 Qd6 18. g5 0-0-0 19. gxh6 e5 20. dxe5 Nxe5 21. Nxe5 Rde8 22. 0-0-0 Rxh6 23. Qg4+ 1-0

[Event "BCF-chT1b 1516 (4NCL)"]
[Site "England"]
[Date "2015.11.15"]
[Round "2.168"]
[White "Needham, Sabrina"]
[Black "Milson, Samuel"]
[Result "0-1"]
[WhiteElo "1757"]
[BlackElo "2110"]
[PlyCount "74"]
[EventDate "2015.11.14"]
[EventType "team-swiss"]
[EventRounds "11"]
[EventCountry "ENG"]
[SourceTitle "CBM 169 Extra"]
[Source "ChessBase"]
[SourceDate "2015.12.18"]
[SourceVersion "1"]
[SourceVersionDate "2015.12.18"]
[SourceQuality "1"]
[WhiteTeam "Cambridge"]
[BlackTeam "Grantham Sharks"]
[WhiteTeamCountry "ENG"]
[BlackTeamCountry "ENG"]

1. c4 e5 2. Nc3 Nc6 3. g3 f5 4. Bg2 Nf6 5. e3 Nb4 6. d3 c6 7. a3 Na6 8. Nge2 d5 9. cxd5 cxd5 10. d4 e4 11. h4 Nc7 12. Bd2 Be7 13. Nf4 0-0 14. Kf1 b6 15. Kg1 Bd6 16. Nh3 Qe8 17. Bf1 Ne6 18. Nb5 Be7 19. Bb4 Bxb4 20. axb4 f4 21. exf4 e3 22. f3 Qg6 23. Kh2 Nh5 24. Rg1 Qf6 25. Bd3 Nexf4 26. gxf4 Qxh4 27. f5 Nf4 28. Rg3 e2 29. Qd2 Nxh3 30. Rxh3 Qf2+ 31. Kh1 Bxf5 32. Bxf5 Qf1+ 33. Kh2 Rxf5 34. Qe1 Rxf3 35. Rxf3 Qxf3 36. Ra3 Qf1 37. Ra1 Rf8 0-1

[Event "Hampstead op U2200 11-A"]
[Site "Hampstead"]
[Date "2013.11.24"]
[Round "5"]
[White "Barasi, Paul Dl"]
[Black "Needham, Sabrina"]
[Result "1/2-1/2"]
[WhiteElo "1920"]
[BlackElo "1721"]
[PlyCount "73"]
[EventDate "2013.11.23"]
[EventType "swiss"]
[EventRounds "5"]
[EventCountry "ENG"]
[SourceTitle "EXT 2015"]
[Source "ChessBase"]
[SourceDate "2014.11.20"]
[SourceVersion "1"]
[SourceVersionDate "2014.11.20"]
[SourceQuality "1"]

1. d4 d5 2. Bg5 g6 3. e3 Bg7 4. c4 c6 5. Nc3 Nf6 6. Nf3 Nbd7 7. cxd5 Nxd5 8. Bc4 Nxc3 9. bxc3 Qa5 10. Qb3 e6 11. Bxe6 Ne5 12. Bxc8 Nxf3+ 13. gxf3 Rxc8 14. Bf4 c5 15. 0-0 b6 16. Bd6 c4 17. Qc2 Kd7 18. Bf4 f5 19. a4 Rhf8 20. Qb2 Rc6 21. Qb5 Ra8 22. Rfb1 Qxb5 23. axb5 Rcc8 24. Ra4 Bf8 25. Rba1 a5 26. bxa6 Ra7 27. Rb1 Rc6 28. Bb8 b5 29. Bxa7 bxa4 30. Bb6 Rc8 31. a7 Ra8 32. Rb5 Kc6 33. Ra5 Kxb6 34. Rxa4 Kb5 35. Ra2 Kb6 36. Ra4 Kb5 37. Ra2 1/2-1/2

[Event "Hampstead op U2200 11-A"]
[Site "Hampstead"]
[Date "2013.11.24"]
[Round "4"]
[White "Needham, Sabrina"]
[Black "Haridas, Girinath"]
[Result "1-0"]
[WhiteElo "1721"]
[BlackElo "1809"]
[PlyCount "87"]
[EventDate "2013.11.23"]
[EventType "swiss"]
[EventRounds "5"]
[EventCountry "ENG"]
[SourceTitle "EXT 2015"]
[Source "ChessBase"]
[SourceDate "2014.11.20"]
[SourceVersion "1"]
[SourceVersionDate "2014.11.20"]
[SourceQuality "1"]

1. d4 Nf6 2. Nf3 g6 3. Bf4 Bg7 4. e3 0-0 5. h3 d6 6. Nbd2 c5 7. c3 Nc6 8. Bd3 Re8 9. Bg5 h6 10. Bh4 Bd7 11. a3 Rb8 12. 0-0 b5 13. b4 c4 14. Bc2 Nd5 15. Ne4 Bf5 16. Nfd2 g5 17. Bg3 Bg6 18. Qf3 e5 19. Nxg5 Qxg5 20. Bxg6 Qxg6 21. Qxd5 Ne7 22. Qf3 Nf5 23. Bh2 exd4 24. exd4 Re6 25. Rae1 Rf6 26. Qc6 Rb6 27. Qa8+ Kh7 28. Qxa7 Nh4 29. Bg3 d5 30. Bxh4 Ra6 31. Qb7 Rfb6 32. Qxd5 Rxa3 33. Re3 Ra2 34. Nf3 Bf6 35. Ne5 Qh5 36. Qe4+ Kh8 37. Bg3 Bg5 38. Rf3 f6 39. Nd7 Rba6 40. Qe7 Ra8 41. Nxf6 Qg6 42. Be5 R2a7 43. Ne8+ Kg8 44. Rf8# 1-0

[Event "Hampstead op U2200 10"]
[Site "Hampstead"]
[Date "2013.10.26"]
[Round "1"]
[White "Dwarakanathan, Srinidhi"]
[Black "Needham, Sabrina"]
[Result "0-1"]
[WhiteElo "1362"]
[BlackElo "1770"]
[PlyCount "98"]
[EventDate "2013.10.26"]
[EventType "swiss"]
[EventRounds "5"]
[EventCountry "ENG"]
[SourceTitle "EXT 2015"]
[Source "ChessBase"]
[SourceDate "2014.11.20"]
[SourceVersion "1"]
[SourceVersionDate "2014.11.20"]
[SourceQuality "1"]

1. e4 c5 2. Nc3 Nc6 3. f4 e6 4. Nf3 g6 5. Bb5 Nge7 6. d3 Bg7 7. 0-0 a6 8. Bc4 b5 9. Bb3 Nd4 10. Nxd4 Bxd4+ 11. Kh1 Bb7 12. Qe1 Rc8 13. Qe2 Qc7 14. a4 c4 15. dxc4 bxc4 16. Ba2 Bxc3 17. bxc3 Qc6 18. Re1 f5 19. e5 Nd5 20. Bd2 Qxa4 21. Bb3 Qc6 22. Ba4 Qc5 23. Rab1 Rc7 24. Be3 Qa3 25. Ra1 Qxc3 26. Qd2 Qxd2 27. Bxd2 Ke7 28. Rab1 Ba8 29. Kg1 c3 30. Bc1 Rd8 31. Ba3+ Kf7 32. Rf1 Rc4 33. Bb3 Rxf4 34. Rxf4 Nxf4 35. g3 Ne2+ 36. Kf2 Nd4 37. Ba4 Nf3 38. Bd6 Nxh2 39. Rb3 Be4 40. Rxc3 Ng4+ 41. Ke2 h5 42. Ra3 g5 43. Ra1 f4 44. gxf4 gxf4 45. Rf1 f3+ 46. Ke1 h4 47. Bb3 h3 48. Bc4 f2+ 49. Ke2 h2 0-1

[Event "Hampstead op U2200 10"]
[Site "Hampstead"]
[Date "2013.10.26"]
[Round "2"]
[White "Needham, Sabrina"]
[Black "Millward, David J"]
[Result "1/2-1/2"]
[WhiteElo "1770"]
[BlackElo "1928"]
[PlyCount "34"]
[EventDate "2013.10.26"]
[EventType "swiss"]
[EventRounds "5"]
[EventCountry "ENG"]
[SourceTitle "EXT 2015"]
[Source "ChessBase"]
[SourceDate "2014.11.20"]
[SourceVersion "1"]
[SourceVersionDate "2014.11.20"]
[SourceQuality "1"]

1. d4 Nf6 2. Nf3 d5 3. Bf4 e6 4. e3 Bd6 5. Be5 0-0 6. c4 Nbd7 7. cxd5 Nxd5 8. Nc3 Nxc3 9. bxc3 Bxe5 10. Nxe5 Nxe5 11. dxe5 b6 12. Qxd8 Rxd8 13. Bc4 Bb7 14. f3 Kf8 15. Ke2 Ke7 16. Rhd1 Bc6 17. Rd4 Rd7 1/2-1/2

[Event "London op Congress August U1900"]
[Site "London"]
[Date "2013.08.25"]
[Round "4"]
[White "Needham, Sabrina"]
[Black "Sloan, Cecil"]
[Result "0-1"]
[WhiteElo "1770"]
[BlackElo "1630"]
[PlyCount "86"]
[EventDate "2013.08.24"]
[EventType "swiss"]
[EventRounds "6"]
[EventCountry "ENG"]
[SourceTitle "EXT 2023"]
[Source "ChessBase"]
[SourceDate "2022.10.05"]
[SourceVersion "1"]
[SourceVersionDate "2022.10.05"]
[SourceQuality "1"]

1. d4 Nf6 2. c4 e6 3. a3 d5 4. c5 Be7 5. Bf4 b6 6. cxb6 cxb6 7. e3 0-0 8. Nf3 Ba6 9. Bxa6 Nxa6 10. Qd3 Nc7 11. 0-0 Nh5 12. Be5 f6 13. Bg3 Nxg3 14. hxg3 Ne8 15. Nbd2 Nd6 16. Rac1 Qd7 17. Rfe1 Rac8 18. g4 Rxc1 19. Rxc1 Rc8 20. Rc3 Nf7 21. Ne1 Rxc3 22. Qxc3 e5 23. f3 exd4 24. Qxd4 Bc5 25. Qc3 d4 26. Qd3 Ne5 27. Qb3+ Kf8 28. e4 d3+ 29. Kh2 Qd6 30. f4 Nxg4+ 31. Kg3 g5 32. Nxd3 Ne3 33. Nf3 gxf4+ 34. Nxf4 Nf1+ 35. Kg4 h5+ 36. Kf5 Kg7 37. Ne6+ Kh6 38. Kxf6 Qe7+ 39. Ke5 Ne3 40. Nfd4 Qd6+ 41. Kf6 Ng4+ 42. Kf7 Qe7+ 43. Kg8 Qh7# 0-1

[Event "London op Congress August U1900"]
[Site "London"]
[Date "2013.08.24"]
[Round "1"]
[White "Gergelova, Monika"]
[Black "Needham, Sabrina"]
[Result "0-1"]
[WhiteElo "1297"]
[BlackElo "1770"]
[PlyCount "60"]
[EventDate "2013.08.24"]
[EventType "swiss"]
[EventRounds "6"]
[EventCountry "ENG"]
[SourceTitle "EXT 2023"]
[Source "ChessBase"]
[SourceDate "2022.10.05"]
[SourceVersion "1"]
[SourceVersionDate "2022.10.05"]
[SourceQuality "1"]

1. e4 c5 2. Nc3 Nc6 3. f4 a6 4. Nf3 e6 5. Be2 Bd6 6. e5 Bc7 7. 0-0 Nge7 8. Ne4 b6 9. d4 cxd4 10. Nxd4 Nxd4 11. Qxd4 Nf5 12. Qd3 d5 13. exd6 Nxd6 14. Nxd6+ Bxd6 15. Qg3 Bc5+ 16. Be3 Bxe3+ 17. Qxe3 0-0 18. Qe4 Ra7 19. Bd3 g6 20. Rad1 Qf6 21. Qb4 b5 22. g4 Qh4 23. Be2 Rc7 24. Rd2 Bb7 25. Rfd1 Qh3 26. Bf1 Qxg4+ 27. Bg2 Bxg2 28. Rxg2 Qxd1+ 29. Kf2 Rxc2+ 30. Kg3 Qd3+ 0-1